000 00579nam a22002057a 4500
999 _c6376
_d6376
003 AR-CdUCM
008 190315b ||||| |||| 00| 0 spa d
040 _aMUNICIPALIDAD PROVINCIAL DEL CUSCO
_cBIBLIOTECA MUNICIPAL DEL CUSCO
082 _a869.56 /
_bM55
100 _aMercado, Guillermo
_9952
245 _aEl oro del alma /
300 _a104 paginas ;
_c16 cm.
500 _aDonación familia Nieto
505 _aContenido :Poesías /
650 _aLiteratura peruana
_9169
650 _aPoesías
_92272
650 _aSiglo XX
_98
942 _2ddc
_cLIBROS
945 _arjall